000 nam a22 7a 4500
999 _c29380
_d29380
008 171205b xxu||||| |||| 00| 0 eng d
020 _a9789966255228
050 _aPL 8704 .I74 2014
100 _aIribemwagi, P. I.
245 _aAlidhani kapata:
_bna hadithi nyigine/
_cP. I. Iribemwagi
260 _aNairobi:
_bEast Africa Educational Publishers Ltd
_c2014.
300 _a167 p. : ill.
650 _aSwahili literature
942 _2lcc
_cAFRICANA
_hPL 8704 .I74 2014
_02